Introducción a la ecobiocenología: los biotopos, las biocenosis, los ecosistemas
Gespeichert in:
| Hauptverfasser: | , |
|---|---|
| Format: | Buch |
| Sprache: | Spanisch |
| Veröffentlicht: |
Barcelona
Vicens-Vives
1976
|
| Schriftenreihe: | Colección Tropos. Vida y Medio Ambiente
|
| Schlagworte: | |
| Tags: |
Tag hinzufügen
Keine Tags, Fügen Sie den ersten Tag hinzu!
|
MARC
| LEADER | 00000nam a2200000 a 4500 | ||
|---|---|---|---|
| 001 | UCU1739 | ||
| 003 | CL-VaPUC | ||
| 008 | 960412e19760000SP |||||||||||||||||spa|d | ||
| 082 | 0 | 4 | |a 577 |b MOL |2 21 |
| 100 | |a Molinier, Roger |e autor |9 357456 | ||
| 700 | 0 | |a Vignes, Pierre |e author |9 357457 | |
| 245 | 1 | 0 | |a Introducción a la ecobiocenología: los biotopos, las biocenosis, los ecosistemas |
| 300 | |a 457 p | ||
| 942 | |c BK | ||
| 945 | |d 19960412 00:00:00 |a rleighto | ||
| 260 | |a Barcelona |b Vicens-Vives |c 1976 | ||
| 650 | 0 | |a Ecología |9 258124 | |
| 650 | 7 | |a MEDIOS NATURALES |2 CL-VaPUC |9 357458 | |
| 650 | 0 | |a Cartografía |9 266055 | |
| 650 | 7 | |a ESPECIES |2 CL-VaPUC |9 331928 | |
| 650 | 0 | |a Comunidades |9 337024 | |
| 650 | 0 | |a Ecosistemas |9 261477 | |
| 650 | 0 | |a Seres vivos |9 357459 | |
| 650 | 7 | |a SUELO |2 CL-VaPUC |9 348469 | |
| 650 | 0 | |a Clima |9 265281 | |
| 650 | 7 | |a FAUNA |2 CL-VaPUC |9 349523 | |
| 650 | 7 | |a FLORA |2 CL-VaPUC |9 264745 | |
| 583 | |a last modification |c 19960412 00:00:00 |k Rodrigo Vera | ||
| 490 | 0 | |a Colección Tropos. Vida y Medio Ambiente | |
| 999 | |c 246256 |d 246254 | ||
| 952 | |0 0 |1 0 |4 0 |6 577_000000000000000_MOL_1976 |7 0 |8 A |9 261073 |a BIBCUR |b BIBCUR |d 2019-11-19 |i 3188671 |o 577 MOL 1976 |p 3188671 |r 2025-04-22 |w 2019-11-19 |y BK |k BCB | ||